000 00829cab a2200265 4500
001 ABS49145
008 090401t1993 xxu||||| |||| 00| 0 eng d
035 _a(Sirsi) u70180
041 _aeng
100 _aWalker, A.
245 _aConserving modern buildings: consent or constraint
260 _c1993
350 _a0
490 _aProperty Management
_v11(3) Summer 1993, 226-233(8)
520 _aDiscusses the need to ensure the conservation of a modern building while allowing for its natural development and continued use. References.
650 _aBUILT ENVIRONMENT
650 _aCONSERVATION MANAGEMENT AGREEMENTS
650 _aCONSERVATION MANAGEMENT
650 _aMODERN ARCHITECTURE
650 _aMODERN BUILDINGS
690 _aCONSERVATION
700 _aLee, Y.
942 _n0
948 _c04/03/1997
999 _c44149
_d44149